Nihon shakaishi /
Saved in:
| Main Author: | |
|---|---|
| Format: | Book |
| Language: | Japanese |
| Published: |
Tōkyō :
Kaizōsha,
Taishō 13 [1924]
|
| Subjects: | |
| Tags: |
Add Tag
No Tags, Be the first to tag this record!
|
| LEADER | 01119cam a2200253 a 4500 | ||
|---|---|---|---|
| 001 | 007716977-8 | ||
| 005 | 20024617120653.0 | ||
| 008 | 930903s1924 ja b 001 0 jpn d | ||
| 035 | 0 | |a ocm28746318 | |
| 040 | |a CU-S |c CU-S |d *YNH* |d CStRLIN | ||
| 100 | 1 | |6 880-01 |a Honjō, Eijirō, |d 1888-1973. | |
| 245 | 1 | 0 | |6 880-02 |a Nihon shakaishi / |c Honjō Eijirō cho. |
| 260 | |6 880-03 |a Tōkyō : |b Kaizōsha, |c Taishō 13 [1924] | ||
| 300 | |a 3, 7, 270, 15 p. ; |c 23 cm. | ||
| 500 | |6 880-04 |a Honsho wa Taishō 12-nen 8-gatsu Kyōto Teikoku Daigaku Kaki Kōshūkai ni okeru kōen no sōkō ni tashō no kaitri o kuwaeta mono de aru. | ||
| 504 | |a Includes bibliographical references and index. | ||
| 651 | 0 | |a Japan |x Social conditions. | |
| 651 | 0 | |a Japan |x Economic conditions. | |
| 880 | 1 | |6 100-01 |a 本庄榮治郎, |d 1888-1973. | |
| 880 | 1 | 0 | |6 245-02 |a 日本社會史 / |c 本庄榮治郎著. |
| 880 | |6 260-03 |a 東京 : |b 改造社, |c 大正13 [1924] | ||
| 880 | |6 500-04 |a 本書は大正12年8月京都帝國大學夏期講習會に於ける講演の草稿に多少の改訂を加へたものである. | ||
| 988 | |a 20021217 | ||
| 906 | |0 OCLC | ||


